000 00662nam a22001937a 4500
003 BD-DhUL
005 20211227153047.0
008 211223s1993 bg ||||| |||| 000 0 ben d
040 _aBD-DhUL
_cBD-DhUL
082 _a891.443
_bIQT
100 1 _aইকবাল, মুহম্মদ জাফর।
245 0 _aটুকুনজিল /
_cমুহম্মদ জাফর ইকবাল।
260 _aঢাকা :
_bমোহনা,
_c১৯৯৩।
300 _a৮৩ পৃ. ;
_c২১ সেমি.
365 _aBDT
_b50.00
650 4 _aবাংলা উপন্যাস।
650 4 _aBengali fiction.
942 _2ddc
_cBK
999 _c255091
_d255091